=LDR 00000nam 2200000 4500 =001 NUTBA000000000005511 =005 20201014083543 =035 ##$$a 0010-101400000000741 =008 201014###########################0###### =040 ##$$a NBPDMAT =082 ##$$a 301.076 =090 ##$$a 301.076 Hep l =100 ##$$a Hepy Sari =245 1#$$a LKS utama sosiologi untuk SMA dan MA kelas 1 semester 1 /$c Hepy Sari =250 ##$$a Cet. 1 =260 ##$$a Jakarta :$b Widya Utama,$c 2007 =300 ##$$a 54 hlm : $b ilus ; $c 29 cm =650 #4$$a Sosiologi SMA-Studi dan Pengajaran =850 ##$$a NBPDMAT =990 ##$$a 0001/BPAP-NTB/20142014 =990 ##$$a 0001/BPAP-NTB/20142014